000 00996nam0a22003011 4500
001 v19\rc\1651182
005 20250619003155.0
035 _a(NLR Aleph) 004762443
090 _a4589532
_c4589532
100 _a20061002d1915 |||y0rusy50 ca
101 0 _arus
102 _aRU
105 _ay z |||a|
200 1 _aНа тигров
_eРассказ К. Тхоржевского
205 _a6-е изд.
210 _a[Санкт-Петербург]
_cВ.А. Березовский
_d1915
215 _a16 с.
_d17
225 1 _aСолдатская библиотека
_v1-го комплекта № 11
300 _aНа обл. авт. не указан
700 1 _aТхоржевский
_bК.В.
_f1858-1896
_gКорнелий Владиславович
801 0 _aRU
_bNLR
_gpsbo
801 0 _aRU
_bRuMoRGB
_2psbo
801 1 _aRU
_bProSoft-M
_2rusmarc
852 _aNLR
_j18.136.5.342(11)
899 _aRuMoRGB
_jV 285/863 (№ 11)
899 _aБАН
942 _cBOOK
980 _aNB